Statistics for Capitals for kids

Click here to take the quiz!

General Stats

  • This quiz has been taken 123 times
  • The average score is 14 of 17

Answer Stats

Question Answer % Correct
EnglandLondon
99%
FranceParis
98%
USAWashington.D.C.
94%
GermanyBerlin
90%
SpainMadrid
90%
ItalyRome
90%
GreeceAthens
87%
JapanTokyo
85%
ChinaBeijing
81%
RussiaMoscow
80%
PortugalLisbon
74%
EgyptCairo
73%
IrelandDublin
73%
BelgiumBrussels
64%
AustriaVienna
64%
JamaicaKingston
55%
ScotlandEdinburgh
55%

Score Distribution

Percentile by Number Answered

Percent of People with Each Score

Your Score History

You have not taken this quiz